<?xml version="1.0" encoding="UTF-8"?><?xml-stylesheet type="text/xsl" href="static/style.xsl"?><OAI-PMH xmlns="http://www.openarchives.org/OAI/2.0/" xmlns:xsi="http://www.w3.org/2001/XMLSchema-instance" xsi:schemaLocation="http://www.openarchives.org/OAI/2.0/ http://www.openarchives.org/OAI/2.0/OAI-PMH.xsd"><responseDate>2026-04-17T05:14:17Z</responseDate><request verb="GetRecord" identifier="oai:www.recercat.cat:2072/436929" metadataPrefix="marc">https://recercat.cat/oai/request</request><GetRecord><record><header><identifier>oai:recercat.cat:2072/436929</identifier><datestamp>2026-04-14T03:48:57Z</datestamp><setSpec>com_2072_98</setSpec><setSpec>col_2072_378192</setSpec></header><metadata><record xmlns="http://www.loc.gov/MARC21/slim" xmlns:dcterms="http://purl.org/dc/terms/" xmlns:xsi="http://www.w3.org/2001/XMLSchema-instance" xmlns:doc="http://www.lyncode.com/xoai" xsi:schemaLocation="http://www.loc.gov/MARC21/slim http://www.loc.gov/standards/marcxml/schema/MARC21slim.xsd">
   <leader>00925njm 22002777a 4500</leader>
   <datafield ind2=" " ind1=" " tag="042">
      <subfield code="a">dc</subfield>
   </datafield>
   <datafield ind2=" " ind1=" " tag="720">
      <subfield code="a">Pignuoli Ocampo, Sergio</subfield>
      <subfield code="e">author</subfield>
   </datafield>
   <datafield ind2=" " ind1=" " tag="260">
      <subfield code="c">2020</subfield>
   </datafield>
   <datafield ind2=" " ind1=" " tag="520">
      <subfield code="a">En este trabajo reconstruimos sistemáticamente el fundamento operativo sociológico de la teoría de la acción comunicativa (TAC) centrándonos en su diferenciación metateórica y en el criterio de socialidad del sistema de categorías sociológicas relativo a la acción comunicativa. Para abordar ambos objetos se emplean dos metodologías poco habituales en el tratamiento de la TAC: el análisis de metateorizaciones de tipo preludio de Ritzer y el análisis arquitectónico de las dimensiones de socialidad. Se propone la hipótesis de que en ambos objetos hay una concepción fuertemente diádica de los objetos sociológicos articulada con una estrategia metateórica «superadora».</subfield>
   </datafield>
   <datafield ind2=" " ind1=" " tag="520">
      <subfield code="a">En aquest treball reconstruïm sistemàticament el fonament operatiu sociològic de la teoria de l'acció comunicativa (TAC) centrant-nos en la seva diferenciació metateòrica i en el criteri de socialitat del sistema de categories sociològiques relatiu a l'acció comunicativa. Per abordar tots dos objectes s'empren dues metodologies poc habituals en el tractament de la TAC: l'anàlisi de metateoritzacions de tipus preludi de Ritzer i l'anàlisi arquitectònica de les dimensions de socialitat. Es proposa la hipòtesi que en tots dos objectes hi ha una concepció fortament diàdica dels objectes sociològics articulada amb una estratègia metateòrica «superadora».</subfield>
   </datafield>
   <datafield ind2=" " ind1=" " tag="520">
      <subfield code="a">In this work, the theoretical "hard core" of Habermas's theory of communicative action (TCA) is reconstructed from a systematic perspective. We focus on the meta-theoretical differentiation of TCA and the sociality criterion of the categorical system relative to the concept of communicative action. To address both objects, we rely on two infrequently used TCA methods: an analysis of Ritzer's metatheorizing as prelude and an architectural analysis of dimensions of sociality. The hypothesis suggests that both sociological objects are informed by a strongly dyadic foundation.</subfield>
   </datafield>
   <datafield tag="653" ind2=" " ind1=" ">
      <subfield code="a">Teoría de la acción comunicativa</subfield>
   </datafield>
   <datafield tag="653" ind2=" " ind1=" ">
      <subfield code="a">Perspectiva sistemática</subfield>
   </datafield>
   <datafield tag="653" ind2=" " ind1=" ">
      <subfield code="a">Diadismo</subfield>
   </datafield>
   <datafield tag="653" ind2=" " ind1=" ">
      <subfield code="a">Teoría sociológica contemporánea</subfield>
   </datafield>
   <datafield tag="653" ind2=" " ind1=" ">
      <subfield code="a">Programas de investigación</subfield>
   </datafield>
   <datafield tag="653" ind2=" " ind1=" ">
      <subfield code="a">Teoria de l'acció comunicativa</subfield>
   </datafield>
   <datafield tag="653" ind2=" " ind1=" ">
      <subfield code="a">Perspectiva sistemàtica</subfield>
   </datafield>
   <datafield tag="653" ind2=" " ind1=" ">
      <subfield code="a">Diadisme</subfield>
   </datafield>
   <datafield tag="653" ind2=" " ind1=" ">
      <subfield code="a">Teoria sociològica contemporània</subfield>
   </datafield>
   <datafield tag="653" ind2=" " ind1=" ">
      <subfield code="a">Programes de recerca</subfield>
   </datafield>
   <datafield tag="653" ind2=" " ind1=" ">
      <subfield code="a">Theory of communicative action</subfield>
   </datafield>
   <datafield tag="653" ind2=" " ind1=" ">
      <subfield code="a">Systematic perspective</subfield>
   </datafield>
   <datafield tag="653" ind2=" " ind1=" ">
      <subfield code="a">Dyadism</subfield>
   </datafield>
   <datafield tag="653" ind2=" " ind1=" ">
      <subfield code="a">Contemporary sociological theory</subfield>
   </datafield>
   <datafield tag="653" ind2=" " ind1=" ">
      <subfield code="a">Research programmes</subfield>
   </datafield>
   <datafield ind2="0" ind1="0" tag="245">
      <subfield code="a">Una reconstrucción metateórica y arquitectónica del programa sociológico de Jürgen Habermas</subfield>
   </datafield>
</record></metadata></record></GetRecord></OAI-PMH>